Word Vocabulary - SPR - Statistics

General Stats
  • This quiz has been taken 176 times
  • The average score is 12 of 22
Answer Stats
word % Correct
spring
92%
spray
87%
small yacht spar sprit
84%
past of spring sprung
78%
small fish sprat
77%
sprint
74%
sprite
71%
spread
69%
past of spring sprang
65%
spree
62%
sprout
58%
sprawl
55%
sprig
55%
active; lively spry
54%
sprain
48%
spruce
47%
simple vehicle brake sprag
45%
to squirt liquid spritz
29%
child sprog
28%
used to pour molten metal into a mould sprue
18%
snare for catching small game springe
9%
speak in public spruik
5%
No matching quizzes found
Score Distribution
Percent of People with Each Score
Percentile by Number Answered
Your Score History
You have not taken this quiz